[Event "Dortmund Sparkassen op-B"]
[Site "Dortmund"]
[Date "2006.08.04"]
[Round "7"]
[White "Rojek, Stephan"]
[Black "Gohlke, Philipp"]
[Result "1-0"]
[WhiteElo "1636"]
[BlackElo "1374"]
[PlyCount "93"]
[EventDate "2006.07.28"]
[EventType "swiss"]
[EventRounds "9"]
[EventCountry "GER"]
[SourceTitle "CBM 113 Extra"]
[Source "ChessBase"]
[SourceDate "2006.09.14"]
[SourceVersion "1"]
[SourceVersionDate "2006.09.14"]
[SourceQuality "1"]

1. f4 d5 2. Nf3 Nf6 3. e3 Bg4 4. Be2 e6 5. b3 Nbd7 6. Bb2 Bd6 7. Ne5 Bxe2 8. Qxe2 0-0 9. 0-0 c5 10. d3 Qc7 11. Nxd7 Nxd7 12. Qg4 e5 13. f5 Nf6 14. Qg5 Kh8 15. Qh4 Be7 16. Qg3 Bd6 17. Nd2 e4 18. Qh4 Be5 19. d4 cxd4 20. exd4 Bd6 21. c4 Qa5 22. Qg5 Rac8 23. c5 Bc7 24. Rfd1 b6 25. Kh1 bxc5 26. dxc5 Bd8 27. a4 Be7 28. Nf1 Qxc5 29. Ne3 Rcd8 30. Rac1 Qb4 31. Be5 Qxb3 32. Rc7 d4 33. Rxe7 dxe3 34. Rg1 Rd1 35. h3 Rxg1+ 36. Kxg1 Qd1+ 37. Kh2 Nh5 38. Qxe3 Qd3 39. Qg5 Qd1 40. f6 gxf6 41. Bxf6+ Nxf6 42. Qxf6+ Kg8 43. Rxe4 Rd8 44. Rg4+ Kf8 45. Qg7+ Ke8 46. Re4+ Kd7 47. Rd4+ 1-0

[Event "Dortmund Sparkassen op-B"]
[Site "Dortmund"]
[Date "2006.07.30"]
[Round "3"]
[White "Regber, Karl Heinz"]
[Black "Gohlke, Philipp"]
[Result "1-0"]
[WhiteElo "1701"]
[BlackElo "1374"]
[PlyCount "35"]
[EventDate "2006.07.28"]
[EventType "swiss"]
[EventRounds "9"]
[EventCountry "GER"]
[SourceTitle "CBM 113 Extra"]
[Source "ChessBase"]
[SourceDate "2006.09.14"]
[SourceVersion "1"]
[SourceVersionDate "2006.09.14"]
[SourceQuality "1"]

1. e4 e6 2. d4 d5 3. Nc3 Bb4 4. exd5 exd5 5. Bd3 Nc6 6. Nge2 Nge7 7. 0-0 Bf5 8. Bxf5 Nxf5 9. Qd3 Nfe7 10. Ng3 0-0 11. f4 f5 12. a3 Bxc3 13. Qxc3 Kh8 14. b4 b5 15. Bb2 Qd7 16. Qc5 a6 17. Rfe1 Nc8 18. Qxf8# 1-0

[Event "Dortmund op-B"]
[Site "Dortmund"]
[Date "2005.07.15"]
[Round "7"]
[White "Kemmer, Josef"]
[Black "Gohlke, Philipp"]
[Result "1-0"]
[WhiteElo "1557"]
[BlackElo "1233"]
[PlyCount "71"]
[EventDate "2005.07.08"]
[EventType "swiss"]
[EventRounds "9"]
[EventCountry "GER"]
[SourceTitle "CBM 107 Extra"]
[Source "ChessBase"]
[SourceDate "2005.09.01"]
[SourceVersion "1"]
[SourceVersionDate "2005.09.01"]
[SourceQuality "1"]

1. c4 e5 2. g3 Nc6 3. Bg2 g6 4. Nc3 Bg7 5. Nf3 d6 6. 0-0 f5 7. d3 Nf6 8. Nd5 Nxd5 9. cxd5 Ne7 10. e4 0-0 11. Ng5 h6 12. Ne6 Bxe6 13. dxe6 Rf6 14. Qb3 Rb8 15. Be3 b6 16. d4 fxe4 17. Bxe4 d5 18. dxe5 Rxe6 19. Rad1 Rxe5 20. Bg2 Kh7 21. f4 Re6 22. g4 Rd6 23. f5 g5 24. h4 gxh4 25. Qd3 Kh8 26. Bd4 Qf8 27. Rde1 Re8 28. Re6 Rxe6 29. fxe6 Bxd4+ 30. Qxd4+ Qg7 31. Qxg7+ Kxg7 32. Rf7+ Kg6 33. Kf2 c6 34. Bh3 Kg5 35. Ke3 Ng6 36. Rf5# 1-0